Football Teams at the 2024 Paris Olympics - Statistics

General Stats
  • This quiz has been taken 59 times
  • The average score is 9 of 16
Answer Stats
Answer % Correct
France
98%
Spain
92%
Argentina
88%
Japan
84%
United States
82%
Egypt
67%
Morocco
61%
New Zealand
61%
Ukraine
57%
Iraq
43%
Israel
43%
Paraguay
43%
Uzbekistan
35%
Mali
31%
Dominican Republic
29%
Guinea
24%
No matching quizzes found
Score Distribution
Percent of People with Each Score
Percentile by Number Answered
Your Score History
You have not taken this quiz